00703nam a2200217Ia 4500001001000000003000500010008004100015010001100056020002400067040000900091082002100100100003400121245010200155260004400257300001100301440007100312650001400383650003800397650002500435650002500460Para_7694CHAP220125s1997 xx 000 0 und d a206713 a968 - 884 - 397 - 0 cCHAP aPA 338.17431 G661 aGómez Cruz, Manuel Ángel aLa agroindustria de naranja en México /c Manuel A. Gómez Cruz, Rita Schwentesius Rindermann aMéxico :b UACh, CIESTAAM :b SAGAR a183 p. aColección estructura y dinamica de los sistemas agroindustriales aCitricos  aNaranja x aspectos económicos  aNaranja x industria aNaranja x México